Ética de la dirección, decisión con libertad : Un libro de ‚tica para el empresario / Bernardo Fern ndez Ardavín (Registro nro. 14687)
[ vista simple ]
| 000 -LÍDER | |
|---|---|
| fixed length control field | 00611nam a2200157 4500 |
| 008 - ELEMENTOS DE LONGITUD FIJA -- INFORMACIÓN GENERAL | |
| fixed length control field | 0 2000 0a 000 0MEX |
| 020 ## - NÚMERO INTERNACIONAL NORMALIZADO PARA LIBROS | |
| ISBN | 968-5151-22-8 |
| 050 ## - SIGNATURA TOPOGRAFICA DE LA BIBLIOTECA DEL CONGRESO (LC) | |
| Número de Clasificación | HF5387 F4 2000 |
| 082 ## - NUMERO DE CLASIFICACION DECIMAL DEWEY | |
| Número de Clasificación | 658.407 124 4 F363e |
| 100 ## - ASIENTO PRINCIPAL--NOMBRE PERSONAL | |
| Nombre personal | Fern ndez Ardavín, Bernardo |
| 245 ## - TÍTULO | |
| Título | Ética de la dirección, decisión con libertad : Un libro de ‚tica para el empresario / Bernardo Fern ndez Ardavín |
| 260 ## - PUBLICACIÓN, DISTRIBUCIÓN, ETC. (PIE DE IMPRENTA) | |
| Lugar de publicación, distribución, etc. | México : Granica |
| 300 ## - DESCRIPCIÓN FÍSICA | |
| Extensión | xiv, 290 p. / 22 cm. |
| 500 ## - NOTA GENERAL | |
| Nota general | Incluye bibliografía e índice |
| 650 ## - ASIENTO SECUNDARIO DE MATERIA - TERMINO TEMÁTICO | |
| Término temático o nombre geográfico como elemento de entrada | 1.ÉTICA DE LOS NEGOCIOS \ 2.ADMINISTRACIÓN INDUSTRIAL-ASPECTOS MORALES Y ÉTICOS |
| No. biblioteca | No. biblioteca | Número de clasificación | Código de barras/Número de adquisición | Número de copia | Tipo de material |
|---|---|---|---|---|---|
| LUIS G. INCLAN | LUIS G. INCLAN | 658.407 124 4 F363e | 36828 | 1 | Libros |
